Quiz rap français - Statistiques

Statistiques générales
  • Ce quiz a été pris 324 fois
  • Le résultat moyen est 2 sur 17
Answers on the Grid
Answers color-coded by a green-red scale on the quiz's grid according to % correct below.
Kaaris
Beendo Z
Bekar
Damso
Kalash
Kalash Criminel
Sinik
Alkpote
Zamdane
Théodora
Freeze Corleone
Roshi
Sefyu
Josman
TIF
Salif
Tiitof
Lacrim
Oboy
Scylla
Furax Barbarossa
L'algérino
Soolking
Leto
Niska
Ronisia
Ninho
MC Solaar
Alpha Wann
Alpha 5.20
Chilla
Kalash
 
Statistiques - réponses
Réponse % Correct
Beendo Z
42%
Kalash
28%
Ninho
25%
Niska
23%
Lacrim
16%
Leto
15%
Josman
14%
Alkpote
13%
Alpha Wann
13%
Kalash
12%
Freeze Corleone
11%
Sinik
11%
L'algérino
9%
Tiitof
5%
Furax Barbarossa
4%
Salif
4%
Sefyu
4%
Aucun quiz correspondant
Distribution des résultats
% des personnes avec chaque résultat
Percentile par nombre de réponses
Votre historique - résultats
Vous n’avez pas pris ce quiz